[Event "Avicenna op 16th"]
[Site "Hamedan"]
[Date "2019.09.12"]
[Round "1"]
[White "Bozorgi, Souren"]
[Black "Babujian, Levon"]
[Result "0-1"]
[WhiteElo "2129"]
[BlackElo "2485"]
[PlyCount "122"]
[EventDate "2019.09.12"]
[EventType "swiss"]
[EventRounds "9"]
[EventCountry "IRI"]
[SourceTitle "EXT 2020"]
[Source "ChessBase"]
[SourceDate "2019.10.17"]
[SourceVersion "1"]
[SourceVersionDate "2019.10.17"]
[SourceQuality "1"]

1. e4 e5 2. Nf3 Nc6 3. Bc4 Nf6 4. d3 Bc5 5. c3 0-0 6. Nbd2 d6 7. 0-0 Be6 8. Bb3 h6 9. Re1 Bxb3 10. Nxb3 Re8 11. Nxc5 dxc5 12. Be3 Qd6 13. Qc2 Ng4 14. Rad1 Nxe3 15. fxe3 Rad8 16. d4 Qe7 17. a3 a5 18. Qb3 b6 19. Qb5 Na7 20. Qa6 Nc6 21. Qb5 Qd6 22. Rd2 Qg6 23. Qd3 exd4 24. exd4 cxd4 25. cxd4 Nxd4 26. Nxd4 c5 27. Qe3 cxd4 28. Rxd4 Rc8 29. Qf2 Rc6 30. h3 Rce6 31. Qf4 Re5 32. Re3 Qe6 33. Rg3 Rxe4 34. Rxe4 Qxe4 35. Qxe4 Rxe4 36. Rb3 Re6 37. Rb5 Kf8 38. a4 Ke7 39. b4 axb4 40. Rxb4 Kd7 41. Kf2 Kc6 42. Kf3 Re5 43. Kf4 f6 44. g4 g5+ 45. Kf3 Re1 46. Rc4+ Kb7 47. Rd4 Ka6 48. Rd6 Rf1+ 49. Kg3 Ka5 50. Re6 Rf4 51. h4 h5 52. gxh5 Rxh4 53. Rxf6 Rxh5 54. Rg6 Rh8 55. Rxg5+ Kxa4 56. Kf2 b5 57. Ke2 Rd8 58. Rg7 b4 59. Ra7+ Kb3 60. Rb7 Kc3 61. Rc7+ Kb2 0-1